The mediators / (Record no. 16059)
[ view plain ]
| 000 -LEADER | |
|---|---|
| fixed length control field | 01617nam a2200265 a 4500 |
| 001 - CONTROL NUMBER | |
| control field | ASIN0262610426 |
| 005 - DATE AND TIME OF LATEST TRANSACTION | |
| control field | 20170105102931.0 |
| 008 - FIXED-LENGTH DATA ELEMENTS--GENERAL INFORMATION | |
| fixed length control field | 140410s1985 xxu eng d |
| 020 ## - INTERNATIONAL STANDARD BOOK NUMBER | |
| International Standard Book Number | 0262610426 (paperback) |
| Terms of availability | $10.95 |
| 020 ## - INTERNATIONAL STANDARD BOOK NUMBER | |
| International Standard Book Number | 9780262610421 (paperback) |
| 040 ## - CATALOGING SOURCE | |
| Original cataloging agency | 0 |
| 050 04 - LIBRARY OF CONGRESS CALL NUMBER | |
| Classification number | HD5504.A3 |
| 082 04 - DEWEY DECIMAL CLASSIFICATION NUMBER | |
| Classification number | 331.89142 |
| Author Mark | KOL 1985 |
| 100 1# - MAIN ENTRY--PERSONAL NAME | |
| Personal name | Kolb, Deborah M. |
| 245 14 - TITLE STATEMENT | |
| Title | The mediators / |
| Statement of responsibility, etc. | Deborah M. Kolb. |
| 260 ## - PUBLICATION, DISTRIBUTION, ETC. | |
| Place of publication, distribution, etc. | [S.l.] : |
| Name of publisher, distributor, etc. | The MIT Press, |
| Date of publication, distribution, etc. | 1985. |
| 300 ## - PHYSICAL DESCRIPTION | |
| Extent | 242 p. ; |
| Dimensions | 23 cm. |
| 490 1# - SERIES STATEMENT | |
| Series statement | Organization studies. |
| 520 ## - SUMMARY, ETC. | |
| Summary, etc. | This is a study of what mediators actually do across agencies. The cases and settings suggest that mediator practice tends to follow predictable patterns in terms of roles, strategies, and relations with the disputing parties. Based on close field observation, Kolbe's s study shows how labor mediators in two government agencies, the Federal Mediation and Conciliation Service and a state agency of conciliation and arbitration, assist parties to resolve their contract disputes. One of the more surprising findings is that the state mediators tended to be "dealmakers," while Federal mediators were "orchestrators." The book also discusses meeting patterns, mediators and spokesmen, and the mistakes and errors in judgment and timing that affect the mediator's ability to aid the parties in the resolution of their disputes. |
| 650 #0 - SUBJECT ADDED ENTRY--TOPICAL TERM | |
| Topical term or geographic name entry element | Mediation and conciliation, Industrial |
| 650 #0 - SUBJECT ADDED ENTRY--TOPICAL TERM | |
| Topical term or geographic name entry element | United States |
| 830 #0 - SERIES ADDED ENTRY--UNIFORM TITLE | |
| Uniform title | Organization studies. |
| 856 40 - ELECTRONIC LOCATION AND ACCESS | |
| Materials specified | Amazon.com |
| Uniform Resource Identifier | <a href="http://www.amazon.com/exec/obidos/ASIN/0262610426/chopaconline-20">http://www.amazon.com/exec/obidos/ASIN/0262610426/chopaconline-20</a> |
| 942 ## - ADDED ENTRY ELEMENTS (KOHA) | |
| Source of classification or shelving scheme | |
| Koha item type | Book |
| Withdrawn status | Lost status | Damaged status | Not for loan | Collection code | Permanent Location | Current Location | Shelving location | Date acquired | Total Checkouts | Full call number | Barcode | Date last seen | Price effective from | Koha item type |
|---|---|---|---|---|---|---|---|---|---|---|---|---|---|---|
| Centre for International Peace & Stability (CIPS) | Centre for International Peace & Stability (CIPS) | General Stacks | 04/01/2014 | 331.89142 KOL 1985 | CIPSD0000102 | 04/10/2014 | 04/10/2014 | Book |
